El Monasterio de San Esteban de Ribas de Sil / (Record no. 58576)

MARC details
000 -LEADER
campo de control de longitud fija 00596nam a2200169 i 4500
001 - NÚMERO DE CONTROL
campo de control 58576
003 - IDENTIFICADOR DE NÚMERO DE CONTROL
campo de control ES-MaACL
005 - FECHA Y HORA DE LA ÚLTIMA TRANSACCIÓN
campo de control 20230906163835.0
007 - CAMPO FIJO DE DESCRIPCIÓN FÍSICA--INFORMACIÓN GENERAL
campo de control de longitud fija t|
008 - DATOS DE LONGITUD FIJA--INFORMACIÓN GENERAL
campo de control de longitud fija 031023s1977 sp ||||1| spa d
100 1# - ENTRADA PRINCIPAL--NOMBRE DE PERSONA
Nombre de persona Duro Peña, Emilio.
9 (RLIN) 46310
245 13 - MENCIÓN DEL TÍTULO
Título El Monasterio de San Esteban de Ribas de Sil /
Mención de responsabilidad, etc. Emilio Duro Peña.
260 ## - PUBLICACIÓN, DISTRIBUCIÓN, ETC.
Lugar de publicación, distribución, etc. Orense :
Nombre del editor, distribuidor, etc. Instituto de Estudios Orensanos Padre Feijoo,
Fecha de publicación, distribución, etc. 1977.
300 ## - DESCRIPCIÓN FÍSICA
Extensión 486 p., 29 lám. ;
Dimensiones 25 cm.
610 24 - PUNTO DE ACCESO ADICIONAL DE MATERIA--NOMBRE DE ENTIDAD CORPORATIVA
Nombre de entidad corporativa o nombre de jurisdicción como elemento de entrada Monasterio de San Esteban de Ribas de Sil (Nogueira de Ramuín)-
Subdivisión de forma Historia-
-- Fuentes.
9 (RLIN) 170170
852 ## - LOCALIZACIÓN
Ubicación ES-MaACL
Número de control de estantería A-8164
Sublocalización o colección R.97053
Holdings
Estatus retirado Estado de pérdida Estado de daño No para préstamo Biblioteca de origen Biblioteca actual Ubicación en estantería Fecha de adquisición Fuente de adquisición Total de préstamos Signatura topográfica completa Código de barras Visto por última vez Precio de reemplazo Tipo de ítem Koha
        Biblioteca del Ateneo de Madrid Biblioteca del Ateneo de Madrid Sala Pecera Planta 1 17/01/2008     A-8164 1061457 23/02/2023 23/02/2023 Libro impreso